Confabulario

I tiakina i:
Ngā taipitopito rārangi puna kōrero
Kaituhi matua: Arreola, Juan José (Author)
Hōputu: Pukapuka
Reo:Pāniora
I whakaputaina: Ciudad de México Fondo de cultura Económica 1966
Putanga:4a. ed
Rangatū:Colección Popular, 80
Ngā marau:
Ngā Tūtohu: Tāpirihia he Tūtohu
Kāore He Tūtohu, Me noho koe te mea tuatahi ki te tūtohu i tēnei pūkete!

MARC

LEADER 00000nam a2200000 a 4500
001 UCT6450
003 CL-VaPUC
008 970113e19660000MX |||||||||||||||||spa|d
082 0 4 |a Me863  |b ARR  |2 21 
100 0 |a Arreola, Juan José  |e author  |9 376654 
245 1 0 |a Confabulario 
250 |a 4a. ed 
300 |a 300 p 
942 |c BK 
945 |d 19970113 00:00:00  |a rbrito 
260 |a Ciudad de México  |b Fondo de cultura Económica  |c 1966 
650 0 |a Cuentos mexicanos  |9 310368 
583 |a last modification  |c 19970113 00:00:00  |k Rodrigo Vera 
490 0 |a Colección Popular, 80 
999 |c 255154  |d 255152 
952 |0 0  |1 0  |4 0  |6 ME_863_000000000000000_ARR_1966  |7 0  |8 A  |9 277276  |a BIBEDU  |b BIBEDU  |d 2019-11-19  |i 3267210  |l 1  |o Me863 ARR 1966  |p 3267210  |r 2022-08-09  |s 2022-08-08  |w 2019-11-19  |y BK  |k LIT